| 000 | 00962cam a22002054a 4500 | ||
|---|---|---|---|
| 005 | 20250605164215.0 | ||
| 008 | 250528s ||||||||||||||||||||||||d | ||
| 035 | _a20445 | ||
| 020 | _a638352 | ||
| 040 |
_aGR-AtMCL _bgre _dGR-AtMCL _eAACR2 |
||
| 245 | 1 | _aClassical German Drama / Five Great Plays from the German Theatre | |
| 260 |
_bBantam Books, _c1963 |
||
| 300 | _a472 | ||
| 520 | _aThe German theatre which grew out of the eighteenth-century Enlightenment brilliantly reflected the spirit of that age and paved the way for modern drama. The German Classical Theatre by John Gassner, Introduction by Victor Lange, Nathal the Wise by G. E. Lessing, Egmont by Johann Wolfgang Von Goethe, Mary Stuart by Friedrich Schiller, The Prince of Homburg by Henrich Von Keist, Danton's Death by Georg Buchner, Selected Bibliography. | ||
| 700 | 1 |
_aLange Victor _96434 |
|
| 700 | 1 |
_aLustic Theodore H _96435 |
|
| 942 | _cBK | ||
| 999 |
_c5552 _d5552 |
||